000 004040000a22001690004500
003 MACL
005 20160105175133.0
008 160105b xxu||||| |||| 00| 0 eng d
040 _aMACL
_cMACL
041 _aEnglish
082 _a823/CHI
100 _aM T F
_928406
245 _aMy Chinese Marriage
260 _bJohn Lane the Codley Head
_aLondon
650 _aNovel
_9153
942 _cBK
_k823/MTF
_2ddc
999 _c36070
_d36070